00686nam a2200193Ia 4500952013500000999001700135003000400152005001700156008004100173020001800214040000900232082001700241100002600258245009400284250001200378260005300390300000900443942004000452 00102ddc40708STATISTICSaMESbMEScSTAd2019-02-20g425.00l0o519.2 ROS/Ip36437r2019-02-20 00:00:00w2019-02-20yBKzGL21R1 c11207d11207OSt20191226144606.0190216s9999||||xx |||||||||||||| ||und|| a9788190935685 coclc a519.2bROS/I aRoss, Sheldon M 9775 0aIntroduction To Probability And Statistics For Engineers And Scientists /cSheldon M Ross a4th ed. bElsevier Science Publications,c2010.aHariyana: a664p cBK2ddch519.2iROS/Ik519.2mROS/I